| 000 | 00724nam a22002895a 4500 | ||
|---|---|---|---|
| 001 | 14693874 | ||
| 003 | SISC | ||
| 005 | 20160303084717.0 | ||
| 008 | 070111s2007 iau 000 0 eng | ||
| 010 | _a 2007920645 | ||
| 020 | _a1853261556 | ||
| 040 |
_aDLC _cDLC |
||
| 050 |
_aPZ 7 _b.N458 1995 |
||
| 082 |
_aCLA _bN36p 1995 |
||
| 100 | 1 |
_aNesbit, E. _93327 |
|
| 245 | 1 | 4 |
_aThe phoenix and the carpet / _cE. Nesbit. |
| 260 |
_aNew York : _bPenguin Books, _cc1995. |
||
| 263 | _a0701 | ||
| 300 |
_a271 p. : _c18 cm. |
||
| 562 | _e2 | ||
| 650 |
_aClassics. _92808 |
||
| 906 |
_a0 _bibc _corignew _d2 _eepcn _f20 _gy-gencatlg |
||
| 942 |
_2lcc _cBK |
||
| 999 |
_c7529 _d7529 |
||